000 00695nam a2200181Ia 4500
008 100921s9999 xx 000 0 und d
082 _b21095
_a891.463 थ 88
100 _aजोशी स्नेहल.
245 _aभातुकली आणि घरटे.
260 _bमनमोहिनी प्रकाशन,पुणे.
_c1988
300 _a141
_bभावे पुस्तक भांडार,पुणे
365 _b40
520 _aललित-कादंबरी.
630 _aभातुकली आणि घरटे.
650 _aललित-कादंबरी.
730 _aभातुकली आणि घरटे.
942 _cBOOK
999 _c770208
_d770205